Normal view
MARC view
- FUNDAMENTALS OF CAD.FUNDAMENTALS OF CAM.FUNDAMENTALS OF CIM
Entry Topical Term
001 - CONTROL NUMBER
- control field: 69109
003 - CONTROL NUMBER IDENTIFIER
- control field: NUST
005 - DATE AND TIME OF LATEST TRANSACTION
- control field: 20210628204155.0
008 - FIXED-LENGTH DATA ELEMENTS
- fixed length control field: 210628|| aca||aabn | a|a d
040 ## - CATALOGING SOURCE
- Original cataloging agency: NUST
- Transcribing agency: NUST
150 ## - HEADING--TOPICAL TERM
- Topical term or geographic name entry element: FUNDAMENTALS OF CAD.FUNDAMENTALS OF CAM.FUNDAMENTALS OF CIM
670 ## - SOURCE DATA FOUND
- Source citation: Work cat.: (NUST): Sharma, Vikram 69108, Fundamentals of cad-cam-cim, 2010
